| 000 | 01421cam a22003374a 4500 | ||
|---|---|---|---|
| 090 | _c0 | ||
| 001 | 12268400 | ||
| 005 | 20060810191932.0 | ||
| 008 | 010103s2001 paua b 001 0 eng | ||
| 010 | _a 2001016242 | ||
| 020 | _a1841690384 (hc. : alk. paper) | ||
| 020 | _a1841690392 (pbk.) | ||
| 040 |
_aDLC _cDLC _dDLC |
||
| 042 | _apcc | ||
| 050 | 0 | 0 |
_aHM1176 _b.S635 2001 |
| 082 | 0 | 0 |
_a303.34 _221 _bSOC |
| 245 | 0 | 0 |
_aSocial Influence : _bDirect and indirect processes / _cEdited by Joseph P. Forgas and Kipling D. Williams. |
| 260 |
_aPhiladelphia : _bPsychology Press, _cc2001. |
||
| 300 |
_axxi, 367 p. : _bill. ; _c24 cm. |
||
| 440 | 4 |
_aThe Sydney Symposium of Social Psychology series ; _vv. 3 |
|
| 504 | _aIncludes bibliographical references and indexes. | ||
| 650 | 0 | _aSocial influence. | |
| 650 | 0 | _aInterpersonal relations. | |
| 650 | 0 | _aInfluence (Psychology) | |
| 700 | 1 | _aForgas, Joseph P. | |
| 700 | 1 | _aWilliams, Kipling D. | |
| 856 | 4 | 2 |
_3Publisher description _uhttp://www.loc.gov/catdir/enhancements/fy0653/2001016242-d.html |
| 942 |
_2ddc _cBB |
||
| 999 |
_c10504 _d10504 |
||